Employment, earnings, and poverty : (Record no. 10651)
[ view plain ]
| 000 -LEADER | |
|---|---|
| fixed length control field | 01478nam a2200373 4500 |
| 001 - CONTROL NUMBER | |
| control field | 3013638 |
| 005 - DATE AND TIME OF LATEST TRANSACTION | |
| control field | 20150623102325.0 |
| 007 - PHYSICAL DESCRIPTION FIXED FIELD--GENERAL INFORMATION | |
| fixed length control field | 000 |
| 008 - FIXED-LENGTH DATA ELEMENTS--GENERAL INFORMATION | |
| fixed length control field | 000 |
| 010 ## - LIBRARY OF CONGRESS CONTROL NUMBER | |
| LC control number | 94010497 |
| 020 ## - INTERNATIONAL STANDARD BOOK NUMBER | |
| International Standard Book Number | 080399169X (US) |
| International Standard Book Number | 8170364043 (India) |
| 040 ## - CATALOGING SOURCE | |
| Original cataloging agency | UOEL |
| Transcribing agency | DLC |
| Modifying agency | DLC |
| 043 ## - GEOGRAPHIC AREA CODE | |
| Geographic area code | a-ii--- |
| -- | a-io--- |
| 050 00 - LIBRARY OF CONGRESS CALL NUMBER | |
| Classification number | HD5819 |
| Item number | .C46 1994 |
| 082 00 - DEWEY DECIMAL CLASSIFICATION NUMBER | |
| Classification number | 331.12/5/0954 |
| Edition number | 20 |
| 100 1# - MAIN ENTRY--PERSONAL NAME | |
| Personal name | Chadha, G. K. |
| 245 10 - TITLE STATEMENT | |
| Title | Employment, earnings, and poverty : |
| Remainder of title | a study of rural India and Indonesia / |
| Statement of responsibility, etc | G.K. Chadha. |
| 260 ## - PUBLICATION, DISTRIBUTION, ETC. (IMPRINT) | |
| Place of publication, distribution, etc | New Delhi ; |
| -- | Thousand Oaks : |
| Name of publisher, distributor, etc | Sage Publications, |
| Date of publication, distribution, etc | 1994. |
| 300 ## - PHYSICAL DESCRIPTION | |
| Extent | 294 p. : |
| Other physical details | maps ; |
| Dimensions | 22 cm. |
| 440 #0 - SERIES STATEMENT/ADDED ENTRY--TITLE | |
| Title | Indo-Dutch studies on development alternatives ; |
| Volume number/sequential designation | 13 |
| 504 ## - BIBLIOGRAPHY, ETC. NOTE | |
| Bibliography, etc | Includes bibliographical references (p. [281]-288) and index. |
| 650 #0 - SUBJECT ADDED ENTRY--TOPICAL TERM | |
| Topical term or geographic name as entry element | Labor supply |
| Geographic subdivision | India. |
| General subdivision | Economic history and conditions (National production) |
| Topical term or geographic name as entry element | Labor supply |
| Geographic subdivision | Indonesia. |
| Topical term or geographic name as entry element | Rural poor |
| Geographic subdivision | India. |
| Topical term or geographic name as entry element | Rural poor |
| Geographic subdivision | Indonesia. |
| Topical term or geographic name as entry element | Agriculture |
| General subdivision | Economic aspects |
| Geographic subdivision | India. |
| Topical term or geographic name as entry element | Agriculture |
| General subdivision | Economic aspects |
| Geographic subdivision | Indonesia. |
| 856 42 - ELECTRONIC LOCATION AND ACCESS | |
| Materials specified | Publisher description |
| Uniform Resource Identifier | <a href="http://www.loc.gov/catdir/enhancements/fy0657/94010497-d.html">http://www.loc.gov/catdir/enhancements/fy0657/94010497-d.html</a> |
| Materials specified | Table of contents only |
| Uniform Resource Identifier | <a href="http://www.loc.gov/catdir/enhancements/fy0657/94010497-t.html">http://www.loc.gov/catdir/enhancements/fy0657/94010497-t.html</a> |
| 906 ## - LOCAL DATA ELEMENT F, LDF (RLIN) | |
| a | 7 |
| b | cbc |
| c | orignew |
| d | 1 |
| e | ocip |
| f | 19 |
| g | y-gencatlg |
| 942 ## - ADDED ENTRY ELEMENTS (KOHA) | |
| Source of classification or shelving scheme | Library of Congress Classification |
| Item type | Loan - Normal on open shelf |
| Withdrawn status | Lost status | Source of classification or shelving scheme | Damaged status | Not for loan | Home library | Current library | Shelving location | Date acquired | Total Checkouts | Full call number | Barcode | Date last seen | Copy number | Price effective from | Koha item type |
|---|---|---|---|---|---|---|---|---|---|---|---|---|---|---|---|
| Library of Congress Classification | UOE Main Library | UOE Main Library | Open shelf | 23/06/2015 | HD5819 .C46 1994 | 10062469 | 27/04/2026 | 10062469 | 23/06/2015 | Loan - Normal on open shelf | |||||
| Library of Congress Classification | UOE Main Library | UOE Main Library | Open shelf | 23/06/2015 | HD5819 .C46 1994 | 10062470 | 27/04/2026 | 10062470 | 23/06/2015 | Loan - Normal on open shelf |
